[Event "Elekes Mem IM"]
[Site "Budapest HUN"]
[Date "2002.05.23"]
[Round "6"]
[White "Lorincz,I"]
[Black "Dudas,Jano"]
[Result "0-1"]
[WhiteElo "2357"]
[BlackElo "2402"]

1.d4 Nf6 2.Nf3 d5 3.c4 c6 4.Qc2 dxc4 5.Qxc4 Bf5 6.g3 e6 7.Bg2 Be7 8.O-O O-O
9.Nc3 Nbd7 10.a3 Nb6 11.Qb3 Ne4 12.e3 Nxc3 13.bxc3 Be4 14.Nd2 Bxg2 15.Kxg2 Qd5+
16.e4 Qxb3 17.Nxb3 Nc4 18.a4 Rac8 19.Nd2 Na5 20.Rb1 b6 21.Nb3 Nxb3 22.Rxb3 c5
23.Be3 cxd4 24.cxd4 f5 25.a5 bxa5 26.Rb7 Bb4 27.exf5 exf5 28.Rxa7 Ra8 29.Rb7 Rfb8
30.Rc7 Bd6 31.Rd7 Rd8 32.Rxd8+ Rxd8 33.Ra1 Bb4 34.Kf3 Kf7 35.Ke2 Rc8 36.Ra2 Ra8
37.Bd2 Bxd2 38.Kxd2 a4 39.Kc3 a3 40.Kb4 Ke6 41.Kc5 Kd7 42.f3 g5 43.h4 f4
44.gxf4 gxh4 45.d5 h3 46.f5 h5  0-1

[Event "FSGM June"]
[Site "Budapest HUN"]
[Date "2002.06.02"]
[Round "2"]
[White "Shirazi,K"]
[Black "Erenburg,S"]
[Result "0-1"]
[WhiteElo "2486"]
[BlackElo "2450"]

1.d4 d5 2.c4 c6 3.Nf3 Nf6 4.Nbd2 Bf5 5.Nh4 Bg6 6.g3 e6 7.Bg2 Nbd7 8.O-O Be7
9.cxd5 exd5 10.b4 O-O 11.b5 cxb5 12.Qb3 Qb6 13.Nxg6 hxg6 14.Bb2 a5 15.Bxd5 a4
16.Qf3 Nxd5 17.Qxd5 Nf6 18.Qf3 a3 19.Bc3 b4 20.Rab1 Qe6 21.Bxb4 Bxb4 22.Rxb4 Qxa2
23.Nb1 Qd5 24.Qxd5 Nxd5 25.Rb3 a2 26.Na3 Rfc8 27.e3 Rc3 28.Rxc3 Nxc3 29.Nc2 Ra5
30.Kg2 Rb5 31.Ra1 Rb2 32.Ne1 Rb1 33.Nc2 b5 34.d5 Kf8  0-1

[Event "FSGM June"]
[Site "Budapest HUN"]
[Date "2002.06.09"]
[Round "9"]
[White "Lechtynsky,J"]
[Black "Postny,E"]
[Result "1/2-1/2"]
[WhiteElo "2413"]
[BlackElo "2482"]

1.Nf3 d5 2.d4 c6 3.c4 dxc4 4.e3 Be6 5.a4 c5 6.Na3 cxd4 7.exd4 Nc6 8.Bxc4 Bxc4
9.Nxc4 e6 10.O-O Nf6 11.Qb3 Qd5 12.Qxb7 Nxd4 13.Qxd5 Ne2+ 14.Kh1 Nxd5 15.Be3 Nef4
16.Nfe5 f6 17.Nc6 Nd3 18.Rad1 N3b4 19.Nd4 Kf7 20.Nb5 a6 21.Nbd6+ Kg6 22.Bc5 Bxd6
23.Nxd6 Rab8 24.f4 f5 25.g3 h6 26.Rfe1 Nc7 27.Rd2 Rhd8 28.Red1 Nc6 29.b4 Nxb4
30.Nxf5 Rxd2 31.Ne7+ Kf7 32.Rxd2 Ncd5 33.Nxd5 Nxd5 34.f5 Rc8 35.fxe6+ Kxe6
36.Bd4 g6 37.Re2+ Kd6 38.Bg7 h5 39.Re4 Rc2 40.Kg1 Ra2 41.g4 h4 42.h3 Rd2  1/2-1/2

[Event "chIQ"]
[Site "Montreal CAN"]
[Date "2002.06.23"]
[Round "7"]
[White "Duong Thanh Nha"]
[Black "Lesiege,A"]
[Result "0-1"]
[WhiteElo "2339"]
[BlackElo "2584"]

1.d4 Nf6 2.Nf3 d5 3.c4 c6 4.Nbd2 Bf5 5.e3 e6 6.Qb3 Qb6 7.Nh4 Bg6 8.Nxg6 hxg6
9.Bd3 Nbd7 10.O-O Be7 11.h3 g5 12.Qd1 Qc7 13.Be2 e5 14.cxd5 Nxd5 15.Bf3 N5f6
16.Ne4 Nxe4 17.Bxe4 Nf6 18.Bf5 Rd8 19.Qe2 Kf8 20.e4 g6 21.dxe5 Qxe5 22.f4 Qd4+
23.Be3 Qd3 24.Qf3 gxf5 25.fxg5 Nxe4 26.Rad1 Qb5 27.Bd4 Rxd4 28.Rxd4 Bc5 29.Rd1 Qa4  0-1

[Event "3rd IECC"]
[Site "Batumi GEO"]
[Date "2002.06.24"]
[Round "12"]
[White "Morchiashvili,B"]
[Black "Atakisi,U"]
[Result "1/2-1/2"]
[WhiteElo "2167"]
[BlackElo "2358"]

1.d4 d5 2.c4 c6 3.Nf3 Nf6 4.g3 Bf5 5.Nc3 e6 6.Bg2 h6 7.O-O Nbd7 8.Qb3 Qb6
9.c5 Qa6 10.Nd2 Be7 11.e4 dxe4 12.Ndxe4 O-O 13.Bf4 Nxe4 14.Nxe4 b6 15.cxb6 Nxb6
16.Nd6 Bd3 17.Rfd1 Be2 18.Bxc6 Bxd1 19.Rxd1 Nd5 20.Bxd5 exd5 21.Nf5 Bf6 22.Qxd5 Rad8
23.Qf3 Rfe8 24.Be3 Bg5 25.Qg4 Qg6 26.Bxg5 Qxg5 27.Qxg5 hxg5 28.Ne3 g6 29.Kf1 f5
30.d5 Kf7 31.Rd4 Rd7 32.Nc4 Kf6 33.b3 g4 34.Ne3 Rh8 35.Kg2 Rdh7 36.Nf1 Ke5
37.Rd1 g5 38.f3 gxf3+ 39.Kxf3 g4+ 40.Kg2 Ke4 41.b4 Ke5 42.a4 Rd8 43.Re1+ Kd4
44.Rd1+ Kc3 45.b5 Re7 46.a5 Re2+ 47.Kg1 Kb4 48.b6 a6 49.Ra1 Kb5 50.d6 Kc6
51.Rb1 Kxd6 52.b7 Kc7 53.Rb6 Kb8 54.Rxa6 Kxb7 55.Rf6 Rd5 56.a6+ Ka7 57.Kh1 Rf2
58.Ne3 Re5 59.Kg1 Rf3 60.Ng2 Ra5 61.Nh4 Ra1+ 62.Kg2 Ra2+ 63.Kg1 Rb3 64.Rxf5 Kxa6
65.Rf2 Rb1+ 66.Kg2 Raa1 67.Re2 Kb5 68.Ng6 Rg1+ 69.Kf2 Rgf1+ 70.Kg2 Rh1 71.Ne5 Rag1+
72.Kf2 Rxh2+ 73.Kxg1 Rxe2 74.Nxg4 Kc4 75.Kf1 Kd3 76.Nf2+ Ke3 77.Nd1+ Kf3
78.g4 Re5 79.g5 Rxg5 80.Ke1 Rd5 81.Nc3 Rd3 82.Nd1 Rd8 83.Nc3 Ke3 84.Nd1+ Kd3
85.Nf2+ Kd4 86.Ke2 Re8+ 87.Kf3 Rf8+ 88.Ke2 Rf7 89.Ng4 Rf8 90.Nf2 Rf4 91.Nd3 Re4+
92.Kd2 Re3 93.Nf2 Ra3 94.Ke2 Kd5 95.Nd3 Ke4 96.Nf2+ Kd4 97.Ng4 Rg3 98.Nf2 Re3+
99.Kd2 Ra3 100.Ke2 Re3+ 101.Kd2 Re8 102.Nd3 Ra8 103.Nc1 Ra3 104.Ne2+ Kc4
105.Nc1 Rh3 106.Ne2 Rf3 107.Nc1 Rh3 108.Ne2 Rd3+ 109.Ke1 Rd8 110.Kf2 Kd3
111.Nf4+ Ke4 112.Ng2 Rd3 113.Ke2 Rf3 114.Ne1 Rh3 115.Ng2 Ra3 116.Kf2 Rh3
117.Ke2 Rh8 118.Kf2 Rg8 119.Ne1 Rf8+ 120.Ke2 Rc8 121.Kd2 Rc7 122.Nc2 Rh7
123.Kc3 Rh8 124.Kd2 Rh3 125.Nb4 Ra3  1/2-1/2

[Event "1st GM"]
[Site "Bogny sur Meuse FRA"]
[Date "2002.06.29"]
[Round "3"]
[White "Rausis,I"]
[Black "Dunis,A"]
[Result "1-0"]
[WhiteElo "2478"]
[BlackElo "2405"]

1.d4 d5 2.c4 c6 3.Nf3 Nf6 4.Qc2 dxc4 5.e4 b5 6.b3 cxb3 7.axb3 e6 8.Bd2 Bb7
9.Bd3 Nbd7 10.O-O h6 11.Ba5 Qb8 12.Nc3 a6 13.e5 Nd5 14.Nxd5 cxd5 15.Nh4 Be7
16.Ng6 fxg6 17.Bxg6+ Kf8 18.f4 Kg8 19.f5 Nf8 20.fxe6 Nxg6 21.Qxg6 Qe8 22.Rf7 Rh7
23.Raf1 b4 24.Bc7 Rd8 25.Bxd8  1-0

[Event "Open"]
[Site "Oberwart AUT"]
[Date "2002.07.08"]
[Round "4"]
[White "Balinov,I"]
[Black "Sandhoefner,F"]
[Result "1-0"]
[WhiteElo "2448"]
[BlackElo "2257"]

1.d4 d5 2.c4 c6 3.Nf3 Nf6 4.g3 Bf5 5.Nc3 e6 6.Nh4 Be4 7.f3 Bg6 8.Qb3 Qc8
9.Be3 Bd6 10.Rc1 Nbd7 11.cxd5 exd5 12.Bh3 O-O 13.Nxg6 hxg6 14.O-O a6 15.Bf2 Re8
16.Rfe1 g5 17.e4 g4 18.Bf1 gxf3 19.e5 Nxe5 20.dxe5 Bxe5 21.Rcd1 Qc7 22.Qb6 Qxb6
23.Bxb6 Bxc3 24.bxc3 Ne4 25.Re3 Nd6 26.Rxf3 Re4 27.Rb1 Rae8 28.Bc5 Nb5 29.Kf2 Ra4
30.Rb2 Rb8 31.Bxb5 axb5 32.Re2 b6 33.Bd6 Rba8 34.a3 c5 35.Re7 f6 36.Rb7 Rxa3
37.Rxb6 Ra2+ 38.Kg1 Rc2 39.Bxc5 Ra1+ 40.Rf1 Rxf1+ 41.Kxf1 Rxc3 42.Rxb5 Rc2
43.Bf2  1-0

[Event "Dutch Open"]
[Site "Dieren NED"]
[Date "2002.07.10"]
[Round "2"]
[White "Ikonnikov,V"]
[Black "Willemze,J"]
[Result "1-0"]
[WhiteElo "2527"]
[BlackElo "2328"]

1.d4 d5 2.Nf3 Nf6 3.c4 c6 4.Qb3 dxc4 5.Qxc4 Bf5 6.g3 e6 7.Bg2 Nbd7 8.Nc3 Be7
9.O-O O-O 10.Re1 Ne4 11.Bf4 Qb6 12.Nh4 Bxh4 13.Nxe4 Bxe4 14.Bxe4 Bf6 15.e3 Rfd8
16.h4 h6 17.Bd6 Qa5 18.Qe2 e5 19.Qh5 g6 20.Qxh6 exd4 21.Bxg6 fxg6 22.Qxg6+ Kh8
23.exd4 Qd5 24.Be7 Rf8 25.Bxf8 Rxf8 26.Re4 Qf7 27.Qxf7 Rxf7 28.Rd1 Nb6 29.Kg2 Rd7
30.f4 c5 31.g4 Bxd4 32.b4 Rg7 33.bxc5 Bxc5 34.g5 Nd7 35.Kf3 b6 36.Re8+ Nf8
37.f5 Kh7 38.Rdd8 Rg8 39.Ra8 a5 40.Kg4 Kg7  1-0

[Event "Open"]
[Site "Oberwart AUT"]
[Date "2002.07.10"]
[Round "6"]
[White "Rashkovsky,N"]
[Black "Fridman,D"]
[Result "1/2-1/2"]
[WhiteElo "2511"]
[BlackElo "2571"]

1.d4 d5 2.c4 c6 3.Nf3 Nf6 4.Qc2 dxc4 5.Qxc4 Bf5 6.g3 e6 7.Bg2 Nbd7 8.O-O Be7
9.Nc3 O-O 10.e3 Ne4 11.Ne1 Nxc3 12.bxc3 e5 13.Nf3  1/2-1/2

[Event "Dutch Open"]
[Site "Dieren NED"]
[Date "2002.07.12"]
[Round "4"]
[White "Ikonnikov,V"]
[Black "Safin,S"]
[Result "1-0"]
[WhiteElo "2527"]
[BlackElo "2525"]

1.d4 d5 2.Nf3 Nf6 3.c4 c6 4.Qc2 g6 5.e3 Bg7 6.Nc3 O-O 7.Bd2 a6 8.Rc1 b5 9.cxd5 Nxd5
10.Be2 Bb7 11.Ne4 Nd7 12.O-O h6 13.Rfd1 f5 14.Nc3 e6 15.e4 Nxc3 16.Bxc3 Nf6
17.Bb4 Re8 18.e5 Nd5 19.Bd6 g5 20.Ne1 g4 21.Nd3 h5 22.Nc5 Bc8 23.a4 b4 24.Nd3 a5
25.Qxc6 Ba6 26.Nf4 Bxe2 27.Nxe2 f4 28.Qc2 Qg5 29.Qd2 Bh6 30.Rc5 h4 31.Kh1 Ra7
32.Qc2 Raa8 33.Qe4 Ra7 34.Rdc1 Rf7 35.f3 h3 36.gxh3 g3 37.Rxd5 exd5 38.Qxd5 Qh5
39.Rc7 Kh8 40.Nxg3 fxg3 41.Qxf7 g2+ 42.Kxg2 Rg8+ 43.Kh1 Qxf7 44.Rxf7 Be3
45.Rf8  1-0

[Event "Jacques Lemans Open"]
[Site "St Veiter AUT"]
[Date "2002.07.13"]
[Round "8"]
[White "Enzendorfer,A"]
[Black "Kahlig,M"]
[Result "1-0"]
[WhiteElo "2161"]
[BlackElo "2049"]

1.d4 d5 2.c4 c6 3.Qc2 Nf6 4.Nf3 e6 5.Bg5 Nbd7 6.e3 h6 7.Bh4 Be7 8.Nc3 dxc4
9.Bxc4 Nb6 10.Bb3 Nfd5 11.Bxe7 Qxe7 12.a3 Nf6 13.O-O O-O 14.Rac1 Bd7 15.Ne4 Nxe4
16.Qxe4 Qf6 17.Ne5 g6 18.g4 Rfd8 19.f4 Kg7 20.Rf3 Nd5 21.Rcf1 Qe7 22.Rg3 Kh8
23.Bc2 Nf6 24.Qxg6 fxg6 25.Nxg6+ Kg7 26.Nxe7 Be8 27.g5 Ne4 28.Bxe4  1-0

[Event "Richard Aronow Mem"]
[Site "Philadelphia USA"]
[Date "2002.07.14"]
[Round "3"]
[White "Chiong,L"]
[Black "Lapshun,Y"]
[Result "1/2-1/2"]
[WhiteElo "2368"]
[BlackElo "2393"]

1.d4 d5 2.c4 c6 3.Nf3 Nf6 4.Qc2 g6 5.Bf4 Na6 6.e3 Bf5 7.Qb3 Nb4 8.Qxb4 e5
9.Qxb7 Rb8 10.Qxa7 exf4 11.Ne5 Bd7 12.Nxd7 Nxd7 13.cxd5 Rxb2 14.dxc6 Bb4+
15.Kd1 O-O 16.Kc1 Rxf2 17.Qxd7 Qa8 18.a4 fxe3 19.Bc4 Qa5 20.Ra2 Bd2+ 21.Kc2 Rd8
22.Qb7 Rxd4 23.Kb3 Rxc4 24.Qb8+ Kg7 25.Kxc4 Qf5 26.Nxd2 Qe6+ 27.Kd3 exd2
28.Qb2+ f6 29.Rd1 Rf4 30.Kc2 Qe4+ 31.Kxd2 Rf2+ 32.Kc1 Qxc6+ 33.Kb1 Qe4+ 34.Kc1 Rxb2
35.Rxb2 Qxa4 36.h3 h5 37.Rd3 Qa1+ 38.Kc2 Qe1 39.Kb3 Qe6+ 40.Kc3 Qe5+ 41.Kb3 f5
42.Rbd2 f4 43.Kc2 Kh6 44.Kd1 Qe4 45.h4 f3 46.Rxf3 Qxh4 47.Ke2 Qe4+ 48.Kf2 h4
49.Rfd3 Kh5 50.Rd4 Qf5+ 51.Kg1 g5 52.Rd5 Qb1+ 53.Kh2 Qe4 54.R2d4 Qe3 55.Rd3 Qf4+
56.Kg1 Qc1+ 57.Kh2 Qf4+  1/2-1/2

[Event "24th Politiken Cup"]
[Site "Copenhagen DEN"]
[Date "2002.07.15"]
[Round "1"]
[White "Tolstrup,T"]
[Black "Dominguez,L"]
[Result "0-1"]
[WhiteElo "2074"]
[BlackElo "2613"]

1.Nf3 d5 2.d4 Nf6 3.c4 c6 4.Qc2 dxc4 5.Qxc4 Bf5 6.Nc3 Nbd7 7.g3 e6 8.Bg2 Be7
9.O-O O-O 10.Rd1 Bc2 11.a3 Nb6 12.Qa2 Bxd1 13.Nxd1 c5 14.Be3 Nbd5 15.dxc5 Nxe3
16.Nxe3 Bxc5 17.Nc4 Rc8 18.b4 Be7 19.Nfe5 Qc7 20.Qb2 Nd5 21.Rc1 b5  0-1

[Event "EuJun"]
[Site "Baku AZE"]
[Date "2002.07.16"]
[Round "3"]
[White "Loetscher,R"]
[Black "Stellwagen,D"]
[Result "1/2-1/2"]
[WhiteElo "2288"]
[BlackElo "2464"]

1.d4 d5 2.c4 c6 3.Nf3 Nf6 4.Qc2 e6 5.g3 dxc4 6.Qxc4 b5 7.Qb3 Bb7 8.Bg2 Nbd7
9.O-O a6 10.a4 c5 11.axb5 Bd5 12.Qd1 axb5 13.Rxa8 Qxa8 14.Nc3 Bc6 15.dxc5 b4
16.Nb1 Bxc5 17.Ne1 h5 18.Nd2 h4 19.e3 hxg3 20.hxg3 Ne5 21.Qe2 Ke7 22.Bxc6 Qxc6
23.Nef3 Nfg4 24.b3 Qd5 25.Bb2 Ng6 26.Qb5 Nxe3 27.Rc1 Nc2 28.Kg2 Qf5 29.Qb7+ Kd8
30.Qb8+ Kd7 31.Qb7+ Kd8 32.Qb8+ Kd7 33.Qb7+  1/2-1/2

[Event "Open Aegean Ch"]
[Site "Ikaros GRE"]
[Date "2002.07.17"]
[Round "5"]
[White "Hellsten,J"]
[Black "Chapliev,A"]
[Result "1/2-1/2"]
[WhiteElo "2477"]
[BlackElo "2314"]

1.d4 d5 2.c4 c6 3.Nf3 dxc4 4.e3 b5 5.a4 e6 6.axb5 cxb5 7.b3 Bb4+ 8.Bd2 Bxd2+
9.Nbxd2 a5 10.bxc4 b4 11.Bd3 Nf6 12.Ne5 O-O 13.O-O Bb7 14.f4 g6 15.Bc2 Nbd7
16.Qe1 Ra7 17.Ba4 Nxe5 18.fxe5 Ne4 19.Nxe4 Bxe4 20.Rf2 f6 21.exf6 Raf7 22.Bb3 Rxf6
23.Rxf6 Rxf6 24.Qg3 Rf5 25.h4 Rh5 26.Bd1 Rxh4 27.Qe5 Rh1+ 28.Kxh1 Qh4+ 29.Kg1 Qe1+
30.Kh2  1/2-1/2

[Event "24th Politiken Cup"]
[Site "Copenhagen DEN"]
[Date "2002.07.18"]
[Round "4"]
[White "Tolstrup,T"]
[Black "Zucchelli,M"]
[Result "1/2-1/2"]
[WhiteElo "2074"]
[BlackElo "2183"]

1.Nf3 d5 2.d4 Nf6 3.c4 c6 4.Qc2 dxc4 5.Qxc4 Bf5 6.Nc3 Nbd7 7.g3 e6 8.Bg2 Be7
9.O-O O-O 10.e3 Ne4 11.Nxe4 Bxe4 12.Bd2 Nb6 13.Qe2 Qd5 14.Ne1 Bxg2 15.Nxg2 Rfd8
16.Bc3 Qc4 17.Qf3 Nd5 18.Rfc1 Rd7 19.Be1 Qd3 20.Rd1 Qb5 21.Bc3 Rad8 22.Rab1 Qc4
23.e4 Nxc3 24.bxc3 Qxa2 25.Ra1 Qc4 26.Rxa7 e5 27.Rb1 exd4 28.cxd4 Qxd4 29.Qe3 Qxe3
30.Nxe3 b5 31.Ra6 Rc8 32.Rc1 Rdc7 33.Nf5 Kf8 34.Nd4 Ke8 35.Rcxc6 Rxc6 36.Nxc6 Bc5
37.Ne5 Bd4 38.Nf3 Bc3 39.Rb6 b4 40.Kf1 Rc4 41.e5 Re4 42.Rb7 h6 43.Ng1 Re1+
44.Kg2 Rxe5 45.Kf3 g5 46.g4 Be1 47.Ne2 f5 48.h3 Rd5 49.Ng3 fxg4+ 50.hxg4 Kd8
51.Ne2 Kc8 52.Re7 b3 53.Re8+ Rd8 54.Re5 Rf8+ 55.Ke3 Rxf2 56.Rb5 Rg2 57.Kf3 Rh2
58.Nc1 Rf2+ 59.Ke3 b2 60.Nd3 Rc2 61.Rxb2 Rxb2 62.Nxb2 Kd7 63.Ke4 Ke6 64.Nc4 Bf2
65.Nd2 Kf6 66.Nf3 Bb6 67.Ne5 Bc7 68.Nf3 Bb8 69.Nd4 Bf4 70.Nf5  1/2-1/2

[Event "24th Politiken Cup"]
[Site "Copenhagen DEN"]
[Date "2002.07.20"]
[Round "6"]
[White "Tolstrup,T"]
[Black "Brondum,E"]
[Result "1/2-1/2"]
[WhiteElo "2074"]
[BlackElo "2219"]

1.Nf3 d5 2.d4 Nf6 3.c4 c6 4.Qc2 dxc4 5.Qxc4 Bf5 6.Nc3 Nbd7 7.g3 e6 8.Bg2 Be7
9.O-O O-O 10.e3 b5  1/2-1/2

[Event "US Junior"]
[Site "Dallas USA"]
[Date "2002.07.20"]
[Round "5"]
[White "Wang,P"]
[Black "Zaremba,An"]
[Result "1/2-1/2"]
[WhiteElo "2306"]
[BlackElo "2321"]

1.d4 d5 2.c4 c6 3.Nf3 Nf6 4.Qc2 g6 5.Bf4 Bg7 6.e3 O-O 7.Bd3 Na6 8.a3 c5 9.O-O cxd4
10.exd4 dxc4 11.Bxc4 Bf5 12.Qe2 Nc7 13.Nc3 Ncd5 14.Nxd5 Nxd5 15.Be5 Rc8 16.Rac1 Bh6
17.Rcd1 Nf4 18.Bxf4 Bxf4 19.Rfe1 Qc7 20.Bd3 Bxd3 21.Rxd3 e6 22.d5 exd5 23.Rxd5  1/2-1/2

[Event "ch-BEL"]
[Site "Geel BEL"]
[Date "2002.07.30"]
[Round "4"]
[White "Claesen,P"]
[Black "Abolianin,A"]
[Result "1-0"]
[WhiteElo "2404"]
[BlackElo "2406"]

1.d4 d5 2.Nf3 Nf6 3.c4 c6 4.Qc2 g6 5.Bf4 Bf5 6.Qb3 Qb6 7.e3 Nbd7 8.Nc3 Qxb3
9.axb3 e6 10.c5 a6 11.h3 h6 12.b4 g5 13.Bh2 Rc8 14.Nd2 Bg7 15.Nb3 Ra8 16.b5 Bc2
17.bxc6 Bxb3 18.cxb7  1-0

[Event "2nd Summer Open"]
[Site "Savaria HUN"]
[Date "2002.07.31"]
[Round "8"]
[White "Gross,G"]
[Black "Mrkonjic,N"]
[Result "1/2-1/2"]
[WhiteElo "2321"]
[BlackElo "2375"]

1.d4 d5 2.Nf3 Nf6 3.c4 c6 4.Qb3 e6 5.g3 Be7 6.Bg2 Qb6 7.O-O Nbd7 8.Nc3 O-O
9.Re1 Qa6 10.Nd2 Nb6 11.c5 Nbd7 12.e4 dxe4 13.Ndxe4 Nxe4 14.Nxe4 Qa5 15.Bg5 Bxg5
16.Nxg5 Nf6 17.Ne4 Nxe4 18.Bxe4 g6 19.h4 Qd8 20.Rad1 Re8 21.h5 Qg5 22.hxg6 hxg6
23.f4 Qf6 24.Re2 Rd8 25.Qe3 Bd7 26.g4 Be8 27.Rg2 b6 28.f5 Qg7 29.Rgd2 Rab8
30.b3 Rbc8  1/2-1/2

[Event "Valoz Cup"]
[Site "Olomouc CZE"]
[Date "2002.08.04"]
[Round "5"]
[White "Estremera Panos,S"]
[Black "Starostits,I"]
[Result "0-1"]
[WhiteElo "2368"]
[BlackElo "2442"]

1.d4 d5 2.c4 c6 3.Nf3 dxc4 4.e3 Be6 5.a4 Nf6 6.Nc3 g6 7.Ng5 Bd5 8.e4 h6 9.exd5 hxg5
10.dxc6 Nxc6 11.d5 Ne5 12.Qd4 Nfg4 13.f3 Bg7 14.Kd1 Nxh2 15.f4 Nxf1 16.Rxf1 gxf4
17.Bxf4 Qb6 18.Bxe5 Qxd4+ 19.Bxd4 Bxd4 20.Nb5 Be5 21.Re1 Bg3  0-1

[Event "Inline Czechia Cup"]
[Site "Olomouc CZE"]
[Date "2002.08.08"]
[Round "9"]
[White "Jirka,J"]
[Black "Dresen,U"]
[Result "0-1"]
[WhiteElo "2400"]
[BlackElo "2259"]

1.d4 d5 2.Nf3 Nf6 3.g3 c6 4.c4 Bf5 5.Nc3 e6 6.Qb3 Qb6 7.c5 Qxb3 8.axb3 Na6
9.Bf4 Ne4 10.Ra4 f6 11.b4 g5 12.Bc1 Nc7 13.Nd2 Nxd2 14.Bxd2 Bg7 15.f3 Bc2
16.Ra1 a6 17.e4 O-O 18.Be3 dxe4 19.Kd2 Bd3 20.fxe4 Bxf1 21.Rhxf1 Rad8 22.Kc2 Rd7
23.Rf2 h6 24.g4 e5 25.dxe5 fxe5 26.Rf5 Ne6 27.Raf1 Rfd8 28.R5f2 Nf4 29.Rd2 Rxd2+
30.Bxd2 Rd4 31.b5 axb5 32.Be3 Rd7 33.Rd1 Rf7 34.Rd8+ Kh7 35.Nb1 Ne6 36.Rd6 Nc7
37.Nd2 Bf8 38.Rd8 Ne6 39.Re8 Bxc5 40.Bxc5 Nxc5 41.Rxe5 Nd7 42.Re6 Kg7 43.b4 Nf8
44.Re8 Ng6 45.Kd3 Rd7+ 46.Ke3 Kf7 47.Rb8 Ne5 48.Ke2 Nxg4 49.Nf3 Re7  0-1

[Event "11th Open"]
[Site "Kavala GRE"]
[Date "2002.08.15"]
[Round "7"]
[White "Hellsten,J"]
[Black "Svetushkin,D"]
[Result "1/2-1/2"]
[WhiteElo "2477"]
[BlackElo "2491"]

1.d4 d5 2.c4 c6 3.Nf3 Nf6 4.Qb3 dxc4 5.Qxc4 Bf5 6.g3 e6 7.Bg2 Nbd7 8.O-O Be7
9.e3 O-O 10.Qe2 Rc8 11.Nc3 Ne4 12.Rd1 Qa5 13.Bd2 Bb4 14.Nxe4 Bxe4 15.Bxb4 Qxb4
16.Ne5  1/2-1/2

[Event "Open"]
[Site "Birstonas LIT"]
[Date "2002.08.18"]
[Round "2"]
[White "Turauskiene,R"]
[Black "Tokmachev,M"]
[Result "0-1"]
[WhiteElo "2194"]
[BlackElo "2367"]

1.d4 d5 2.c4 c6 3.Nf3 Nf6 4.Qb3 e6 5.g3 Bd6 6.Bg2 O-O 7.O-O Ne4 8.Nc3 f5
9.Be3 Kh8 10.Nxe4 fxe4 11.Nd2 Nd7 12.f3 exf3 13.Bxf3 Nf6 14.Bg2 Qe7 15.Bf4 e5
16.dxe5 Bxe5 17.cxd5 cxd5 18.Bxe5 Qxe5 19.Qxd5 Qe3+ 20.Kh1 Bh3 21.Qd3 Bxg2+
22.Kxg2 Qb6 23.Nc4 Qc6+ 24.Rf3 Rad8 25.Qb3 Rde8 26.Re1 Ng4 27.h3 Nh2 28.Na5 Qe4  0-1

[Event "13th Summer Open"]
[Site "Recklinghausen GER"]
[Date "2002.08.19"]
[Round "2"]
[White "Kiseleva,N"]
[Black "Leveikina,J"]
[Result "1-0"]
[WhiteElo "2277"]
[BlackElo "2016"]

1.d4 d5 2.c4 c6 3.Nf3 Nf6 4.Qc2 g6 5.Bf4 Nbd7 6.Nbd2 Bg7 7.h3 O-O 8.e3 Re8
9.Be2 Nf8 10.O-O Bf5 11.Qb3 Qb6 12.Qa3 a5 13.b3 Qb4 14.Qb2 c5 15.Bc7 cxd4
16.exd4 dxc4 17.a3 Qb5 18.Bxc4 Qd7 19.Bxf7+ Kh8 20.Rac1 Rec8 21.Ne5 Qb5 22.Bc4  1-0

[Event "Open"]
[Site "Nikea GRE"]
[Date "2002.08.21"]
[Round "3"]
[White "Grapsa,G"]
[Black "Kononenko,T"]
[Result "1/2-1/2"]
[WhiteElo "2101"]
[BlackElo "2388"]

1.d4 d5 2.c4 c6 3.Nf3 Nf6 4.g3 Bf5 5.Bg2 e6 6.O-O Nbd7 7.Nc3 h6 8.Qb3 Qb6
9.c5 Qc7 10.Bf4 Qc8 11.Rfe1 Be7 12.Ne5 O-O 13.Nxd7 Qxd7 14.Rad1 Rfe8 15.e4 dxe4
16.Nxe4 Nxe4 17.Bxe4 Bxe4 18.Rxe4 Rad8 19.Rde1 Qc8 20.Qe3 g5 21.Be5 f6 22.Bd6 Bxd6
23.cxd6 Rxd6 24.Qa3 Qd7 25.Qxa7 f5 26.Re5 Kf7 27.Rd1 g4 28.a4 Kf6 29.b4 Rc8
30.b5 cxb5 31.Rxb5 Ra6 32.Qxb7 Qxb7 33.Rxb7 Rxa4 34.Rb6 Ke7 35.Re1 Rxd4 36.Rbxe6+ Kf7
37.Rxh6 Rc3 38.Ra1 Kg7 39.Rb6 Rd7 40.Ra5 Rf3 41.Kg2 Rf7 42.h4 Rc3 43.Raa6 Rf3
44.h5 Rc3 45.Rg6+ Kh7 46.Rh6+ Kg8 47.Ra8+ Kg7 48.Raa6 Kg8 49.Rag6+ Rg7 50.Rb6 Rf7
51.Rhe6 Rc5 52.h6 Kh7 53.Kf1 Rc2 54.Rf6 Rxf6 55.Rxf6 Ra2 56.Ke1 Rb2 57.Rxf5 Kxh6
58.Rd5 Kg6 59.Rd2 Rb8 60.Rd4 Kg5 61.Ke2 Re8+ 62.Kd3 Rf8 63.Rd5+ Kg6 64.Ke2 Re8+
65.Kd3 Rf8 66.Ke3 Re8+ 67.Kf4 Rf8+ 68.Kxg4 Rxf2 69.Rd6+ Kg7 70.Kg5 Ra2 71.Rd7+ Kg8
72.g4 Ra6 73.Kh5 Rb6 74.g5 Ra6 75.g6 Ra1  1/2-1/2

[Event "Saraybahce GP"]
[Site "Kocaeli TUR"]
[Date "2002.08.23"]
[Round "7"]
[White "Tozaki,H"]
[Black "Shanava,K"]
[Result "0-1"]
[WhiteElo "2106"]
[BlackElo "2401"]

1.d4 d5 2.c4 c6 3.Nf3 Nf6 4.g3 Bg4 5.Bg2 e6 6.O-O Nbd7 7.Qc2 Bf5 8.Qb3 Qb6
9.Nc3 Be7 10.c5 Qa6 11.Nh4 Bg6 12.Bg5 e5 13.e3 O-O 14.Nxg6 hxg6 15.Rfe1 b6
16.Bh3 Rad8 17.Bxd7 Rxd7 18.dxe5 Ng4 19.Bxe7 Rxe7 20.f4 bxc5 21.Qd1 Nh6 22.Rc1 f6
23.exf6 gxf6 24.e4 Rfe8 25.Qc2 Nf5 26.e5 Kh7 27.g4 Nd4 28.Qf2 Kg8 29.Rf1 Qc8
30.Qh4 fxe5 31.fxe5 Rxe5 32.Rf6 R5e6 33.Rcf1 Rxf6 34.Rxf6 Re6 35.Rf4 Qe8
36.Kg2 Kg7 37.g5 Nf5 38.Qf2 d4 39.Rxf5 gxf5  0-1

[Event "Saraybahce GP"]
[Site "Kocaeli TUR"]
[Date "2002.08.25"]
[Round "9"]
[White "Moldobaev,E"]
[Black "Esen,B"]
[Result "1-0"]
[WhiteElo "2429"]
[BlackElo "2189"]

1.Nf3 Nf6 2.c4 c6 3.d4 d5 4.Qc2 dxc4 5.Qxc4 Bf5 6.Nc3 Nbd7 7.g3 e6 8.Bg2 Be7
9.O-O O-O 10.e3 Ne4 11.Ne1 Nxc3 12.bxc3 e5 13.Qb3 Nb6 14.Nf3 exd4 15.cxd4 Be4
16.Ne5 Bxg2 17.Kxg2 Qd5+ 18.Qxd5 cxd5 19.a4 f6 20.Nd3 Nc4 21.Rb1 b6 22.Rb5 Rfd8
23.Nf4 Kf7 24.Rxd5 a6 25.Rxd8 Rxd8 26.Nd3 b5 27.axb5 axb5 28.Bb2 Rc8 29.Ra1 b4
30.Ra7 Nxb2 31.Nxb2 Rc3 32.Rb7 Ke6 33.d5+ Kd6 34.e4 Bd8 35.Rxb4 f5 36.exf5 Kxd5
37.Nd1  1-0

[Event "Hot Summer IM"]
[Site "Tel Aviv ISR"]
[Date "2002.08.26"]
[Round "5"]
[White "Dub,Z"]
[Black "Gutzeit,A"]
[Result "1-0"]
[WhiteElo "2293"]
[BlackElo "2153"]

1.d4 d5 2.c4 c6 3.Nf3 dxc4 4.a4 Bf5 5.Nc3 Nf6 6.Ne5 Nbd7 7.Nxc4 Qc7 8.g3 e5
9.dxe5 Nxe5 10.Bf4 Nfd7 11.Bg2 f6 12.O-O Be6 13.Nxe5 Nxe5 14.Qc2 g5 15.Nb5 Qf7
16.Bxe5 cxb5 17.Bd4 Rc8 18.Qe4 Bc5 19.axb5 Bxd4 20.Qxd4 b6 21.Rxa7 Qxa7 22.Qxf6 Qf7
23.Qxh8+ Ke7 24.Qd4 Rc2 25.Qxb6 Rxe2 26.Qc5+  1-0

[Event "TCh-BIH"]
[Site "Neum BIH"]
[Date "2002.08.28"]
[Round "6"]
[White "Boric,M"]
[Black "Brkic,B"]
[Result "1/2-1/2"]
[WhiteElo "2399"]
[BlackElo "2279"]

1.d4 Nf6 2.Nf3 d5 3.c4 c6 4.Qc2 Bg4 5.Ne5 Bh5 6.Bf4 e6 7.e3 Nbd7 8.Nc3 Bg6
9.Nxg6 hxg6 10.h3 Qa5 11.Be2 dxc4 12.Bxc4 Nd5 13.Bg3 Be7 14.O-O O-O 15.Rfd1 Nxc3
16.bxc3 Rfd8 17.e4 Nf6 18.Rab1 Rd7 19.Be2 Rad8 20.Be5 a6 21.Bf3 c5 22.a4 b5
23.axb5 axb5 24.Qb3 cxd4 25.cxd4 b4 26.Qc4 Qb6 27.d5 exd5 28.exd5 Bc5 29.Bd4 Bxd4
30.Rxd4 Rb8 31.Rb3 Qd6 32.Rxb4 Rxb4 33.Qxb4 Qxb4 34.Rxb4 Nxd5 35.Rb8+ Kh7
36.Rf8 Nf6 37.h4 Re7 38.Kh2 Nd7 39.Rd8 Ne5 40.Bd5 Ng4+ 41.Kg3 Nf6 42.Bf3 Rd7
43.Rxd7 Nxd7 44.Kf4 Kg8  1/2-1/2

[Event "Hot Summer IM"]
[Site "Tel Aviv ISR"]
[Date "2002.08.28"]
[Round "7"]
[White "Bykhovsky,Av"]
[Black "Haimovich,T"]
[Result "1-0"]
[WhiteElo "2455"]
[BlackElo "2339"]

1.d4 d5 2.c4 c6 3.Nf3 Nf6 4.Qc2 e6 5.Bg5 Nbd7 6.e3 Qa5+ 7.Nbd2 Ne4 8.Bh4 Bb4
9.a3 g5 10.Bg3 h5 11.O-O-O Bxd2+ 12.Nxd2 Nxd2 13.Rxd2 h4 14.Bd6 dxc4 15.Bxc4 Nb6
16.Ba2 Qf5 17.e4 Qg6 18.a4 Bd7 19.a5 Nc8 20.Ba3 h3 21.g3 b6 22.Re1 g4 23.Qc3 Rh5
24.e5 Qg7 25.Bb1 Ne7 26.Bxe7 Kxe7 27.axb6 axb6 28.Qb4+ Ke8 29.Qxb6 Qf8 30.Re3 Qe7
31.Rc3 Kf8 32.Qc5 Qxc5 33.Rxc5 Ra1 34.b3 Ke7 35.Kb2 Ra7 36.Re2 Rg5 37.Bd3 Rg8
38.Re4 Rga8 39.Bb1 Rg8 40.Rf4 Raa8 41.Be4 Ra6 42.Bd3 Ra7 43.Rc1 Rga8 44.Bb1 Rg8
45.Re1 Ra5 46.Rc1 Ra7 47.Be4 Rga8 48.Kc3 Rg8 49.Rc2 Ra1 50.Kb2 Rga8 51.Rxg4 R8a2+
52.Kc3 Rxc2+ 53.Bxc2 Rh1 54.Be4 Rxh2 55.Rf4 Bc8 56.Bxc6 Ba6 57.d5 exd5 58.Bxd5 Bf1
59.Rxf7+ Ke8 60.e6 Bg2 61.Bc4 Bc6 62.Rc7 Rg2 63.Rxc6 h2 64.Rc8+  1-0

[Event "ch-RUS"]
[Site "Krasnodar RUS"]
[Date "2002.08.29"]
[Round "3"]
[White "Riazantsev,A"]
[Black "Gleizerov,E"]
[Result "1/2-1/2"]
[WhiteElo "2537"]
[BlackElo "2576"]

1.Nf3 d5 2.d4 c6 3.c4 dxc4 4.e3 Be6 5.a4 Nf6 6.Na3 c5 7.Nxc4 Nc6 8.Be2 g6
9.O-O Bg7 10.b3 cxd4 11.exd4 Nd5 12.Qd2 O-O 13.Bb2 Rc8  1/2-1/2

[Event "ch-Arab"]
[Site "Casablanca MAR"]
[Date "2002.08.30"]
[Round "5"]
[White "Saleh,Nab"]
[Black "Adnani,M"]
[Result "1/2-1/2"]
[WhiteElo "2234"]
[BlackElo "2256"]

1.d4 d5 2.Nf3 Nf6 3.c4 c6 4.Qc2 a6 5.b3 Bg4 6.Nbd2 e6 7.e3 Bf5 8.Bd3 Bxd3
9.Qxd3 dxc4 10.bxc4 c5 11.O-O Nc6 12.Bb2 Be7 13.Rfd1 O-O 14.Nb3 cxd4 15.exd4 Qb6
16.d5 exd5 17.cxd5 Nb4 18.Qf5 Rfd8 19.Ng5 Rxd5 20.Rxd5 Nbxd5 21.Nxh7 g6 22.Nxf6+ Bxf6
23.Qxd5 Bxb2 24.Rb1 Bf6 25.Nd2 Rd8 26.Qf3 Qe6 27.Ne4 Be7 28.h3 b5 29.Rb2 b4
30.Re2 Qc6 31.Qf4 Rd1+ 32.Kh2 Bd6 33.Nxd6 Qxd6 34.Qxd6 Rxd6 35.Re8+ Kh7 36.Rb8 Rd2
37.Rxb4 Rxa2 38.Rb6 a5 39.Ra6 a4 40.Kg3 a3 41.Kf3 Ra1 42.h4 f5 43.Kf4 Kh6
44.g3  1/2-1/2